Olympiacos FC Top 10 Goalscorers - Statistics

General Stats
  • This quiz has been taken 138 times
  • The average score is 6 of 10
Answer Stats
Goals Player % Correct
94 Youssef El Arabi
91%
97 Giovanni
82%
94 Konstantinos Fortounis
73%
157 Predrag Djordjevic
73%
82 Konstantinos Mitroglou
72%
121 Nikolaos Anastopoulos
70%
170 Alexis Alexandris
68%
87 Stelios Giannakopoulos
56%
73 Ilija Ivic
21%
73 Panagiotis Tsalouchidis
11%
No matching quizzes found
Score Distribution
Percent of People with Each Score
Percentile by Number Answered
Your Score History
You have not taken this quiz